| 000 | 01124cam a22001934a 4500 | ||
|---|---|---|---|
| 005 | 20250605163936.0 | ||
| 008 | 250528s ||||||||||||||||||||||||d | ||
| 035 | _a14873 | ||
| 040 |
_aGR-AtMCL _bgre _dGR-AtMCL _eAACR2 |
||
| 245 | 1 | _aΕισαγωγή εις τον Νέον Ελληνισμόν / Κοινωνιολογία της Πολιτικής και Πνευματικής Ζωής | |
| 250 | _a2η | ||
| 260 |
_bΤυπογραφείον Πατρίς Α.Ε, _c1971 |
||
| 300 | _a128 | ||
| 520 | _aΠρόλογος, Η Γένεσις του Νέου Ελληνισμού, Το Πολιτικόν Δέον του Νέου Ελληνισμού, Το Κοινωνικόν Δέον του Νέου Ελληνισμού, Χαρακτηριστικά του Νεοελληνικού Πολιτισμού, Κατευθύνσεις του Νεοελληνικού Πνεύματος: Οι Ελληνοκεντρικοί, Η Κοινωνιολογία του Νέου Ελληνισμού, Σημειώσεις. | ||
| 700 | 1 |
_aΤσάκωνα Δημήτρη Γ _9658 |
|
| 942 | _cBK | ||
| 999 |
_c484 _d484 |
||